El Movimiento obrero en Nicaragua /

محفوظ في:
التفاصيل البيبلوغرافية
المؤلف الرئيسي: Menjívar Larín, Rafael
مؤلفون آخرون: Li Kam, Sui Moy Portuguéz Sánchez, Virginia
التنسيق: نص
منشور في: s.l.: s.e.
الوسوم: إضافة وسم
لا توجد وسوم, كن أول من يضع وسما على هذه التسجيلة!

MARC

LEADER 00000 a a2200000 04500
001 23105
003
040
090 |a 158900  
100 |a Menjívar Larín, Rafael  
245 |a El Movimiento obrero en Nicaragua /  |c Rafael Menjívar Larín  
260 |a s.l.:   |b s.e.  
300 |a 48 p.  
700 |a Li Kam, Sui Moy   |a Portuguéz Sánchez, Virginia  
999 |c 10638  |d 10638